[Event "Oberliga Ost-B 1213"]
[Site "Germany"]
[Date "2013.02.03"]
[Round "7.1"]
[White "Goreacinic, Dmitri"]
[Black "Holzschuh, Stephan"]
[Result "1-0"]
[WhiteElo "2294"]
[BlackElo "2319"]
[PlyCount "75"]
[EventDate "2012.09.30"]
[EventType "team-tourn"]
[EventRounds "11"]
[EventCountry "GER"]
[SourceTitle "EXT 2014"]
[Source "ChessBase"]
[SourceDate "2013.11.20"]
[SourceVersion "1"]
[SourceVersionDate "2013.11.20"]
[SourceQuality "1"]
[WhiteTeam "Offenbach"]
[BlackTeam "Erfurt Medizin"]
[WhiteTeamCountry "GER"]
[BlackTeamCountry "GER"]

1. d4 c5 2. d5 Nf6 3. c4 b5 4. a4 bxc4 5. Nc3 g6 6. e4 d6 7. Bxc4 Bg7 8. f4 0-0 9. Nf3 Na6 10. 0-0 Nc7 11. Qe2 Rb8 12. Nb5 Nxb5 13. axb5 Qb6 14. Bd2 Ne8 15. Ra3 Nc7 16. Ba5 Qb7 17. Bxc7 Qxc7 18. Rfa1 Rb7 19. R1a2 Bd7 20. h3 Bh6 21. Ng5 Bxg5 22. fxg5 e5 23. Qf1 Ra8 24. Ra6 Be8 25. R2a5 Qb8 26. b3 Rb6 27. Kh2 Bd7 28. Qf6 Rxa6 29. Rxa6 Bxb5 30. Bxb5 Qxb5 31. Rxd6 Qe8 32. Rc6 Rb8 33. Rxc5 Rb6 34. d6 Rxb3 35. Rxe5 Qf8 36. d7 Rb8 37. Re7 a5 38. Qe5 1-0

[Event "Oberliga Ost-B 1213"]
[Site "Germany"]
[Date "2013.02.02"]
[Round "6.1"]
[White "Holzschuh, Stephan"]
[Black "Kunin, Vitaly L"]
[Result "0-1"]
[WhiteElo "2319"]
[BlackElo "2491"]
[PlyCount "34"]
[EventDate "2012.09.30"]
[EventType "team-tourn"]
[EventRounds "11"]
[EventCountry "GER"]
[SourceTitle "EXT 2014"]
[Source "ChessBase"]
[SourceDate "2013.11.20"]
[SourceVersion "1"]
[SourceVersionDate "2013.11.20"]
[SourceQuality "1"]
[WhiteTeam "Erfurt Medizin"]
[BlackTeam "Moerlenbach"]
[WhiteTeamCountry "GER"]
[BlackTeamCountry "GER"]

1. e4 c5 2. Nf3 Nc6 3. Bb5 g6 4. 0-0 Bg7 5. c3 Nf6 6. d3 0-0 7. Nbd2 Qc7 8. a4 d5 9. Qe2 Na5 10. b4 cxb4 11. cxb4 a6 12. Bb2 axb5 13. Rfc1 Nc6 14. axb5 Rxa1 15. Bxa1 Nd4 16. Rxc7 Nxe2+ 17. Kf1 Nf4 0-1

[Event "Oberliga Ost-B 1213"]
[Site "Germany"]
[Date "2013.01.13"]
[Round "5.1"]
[White "Feldtmann, Thomas"]
[Black "Holzschuh, Stephan"]
[Result "1/2-1/2"]
[WhiteElo "2257"]
[BlackElo "2319"]
[PlyCount "88"]
[EventDate "2012.09.30"]
[EventType "team-tourn"]
[EventRounds "11"]
[EventCountry "GER"]
[SourceTitle "EXT 2014"]
[Source "ChessBase"]
[SourceDate "2013.11.20"]
[SourceVersion "1"]
[SourceVersionDate "2013.11.20"]
[SourceQuality "1"]
[WhiteTeam "Marburg"]
[BlackTeam "Erfurt Medizin"]
[WhiteTeamCountry "GER"]
[BlackTeamCountry "GER"]

1. d4 Nf6 2. c4 c5 3. d5 b5 4. Qc2 bxc4 5. e4 d6 6. Bxc4 g6 7. Nf3 Nbd7 8. 0-0 Bg7 9. h3 0-0 10. Bf4 Nb6 11. Nbd2 Bb7 12. Rfe1 Nfd7 13. Rad1 f6 14. Bb5 a5 15. a4 Ba6 16. Bxa6 Rxa6 17. b3 Ra7 18. Nb1 Na8 19. Na3 Nc7 20. Nc4 Na6 21. Bd2 Nb4 22. Bxb4 axb4 23. Re2 Bh6 24. Ne1 Ne5 25. Nd3 Qc8 26. Rf1 Nxc4 27. Qxc4 Qa6 28. Qxa6 Rxa6 29. Rc2 Re8 30. Nb2 e5 31. Nc4 f5 32. f3 Kf7 33. g4 Ke7 34. Rg2 fxe4 35. g5 exf3 36. Rg3 Bg7 37. Rgxf3 Kd7 38. Kg2 Re7 39. Re1 Kc7 40. Re4 Ra8 41. Rh4 Bh8 42. Re4 Bg7 43. Rh4 Bh8 44. Re4 Bg7 1/2-1/2

[Event "Oberliga Ost-B 1213"]
[Site "Germany"]
[Date "2012.09.30"]
[Round "1.1"]
[White "Holzschuh, Stephan"]
[Black "Strache, Michael"]
[Result "0-1"]
[WhiteElo "2319"]
[BlackElo "2309"]
[PlyCount "60"]
[EventDate "2012.09.30"]
[EventType "team-tourn"]
[EventRounds "11"]
[EventCountry "GER"]
[SourceTitle "EXT 2014"]
[Source "ChessBase"]
[SourceDate "2013.11.20"]
[SourceVersion "1"]
[SourceVersionDate "2013.11.20"]
[SourceQuality "1"]
[WhiteTeam "Erfurt Medizin"]
[BlackTeam "Sangerhausen"]
[WhiteTeamCountry "GER"]
[BlackTeamCountry "GER"]

1. d4 Nf6 2. Nf3 g6 3. g3 Bg7 4. Bg2 0-0 5. c4 d6 6. 0-0 c6 7. Nc3 Qa5 8. Qc2 Qh5 9. Rd1 Na6 10. a3 Bh3 11. Bh1 Bf5 12. Qb3 Rab8 13. Bf4 h6 14. h4 Ne4 15. Nxe4 Bxe4 16. Qe3 f5 17. c5 g5 18. hxg5 e5 19. dxe5 dxe5 20. Qb3+ Kh7 21. gxh6 exf4 22. hxg7 Rg8 23. Qe6 Rxg7 24. Rd7 Rbg8 25. Rxg7+ Rxg7 26. Qe5 Qh6 27. Rd1 fxg3 28. fxg3 Nc7 29. Nh4 Qe3+ 30. Kf1 Bg2+ 0-1

[Event "Oberliga Ost-B 1112"]
[Site "Germany"]
[Date "2012.02.26"]
[Round "8.1"]
[White "Margolin, Boris"]
[Black "Holzschuh, Stephan"]
[Result "1-0"]
[WhiteElo "2424"]
[BlackElo "2318"]
[PlyCount "67"]
[EventDate "2011.10.02"]
[EventType "team-tourn"]
[EventRounds "11"]
[EventCountry "GER"]
[SourceTitle "EXT 2013"]
[Source "ChessBase"]
[SourceDate "2012.11.22"]
[SourceVersion "1"]
[SourceVersionDate "2012.11.22"]
[SourceQuality "1"]
[WhiteTeam "Oberursel"]
[BlackTeam "Erfurt Medizin"]
[WhiteTeamCountry "GER"]
[BlackTeamCountry "GER"]

1. e4 c5 2. Nf3 e6 3. Nc3 a6 4. d4 cxd4 5. Nxd4 Qc7 6. Bd3 Nf6 7. f4 d6 8. Qe2 Nbd7 9. a4 b6 10. 0-0 Bb7 11. Kh1 Be7 12. Bd2 Nc5 13. e5 Nfd7 14. Rae1 g6 15. Bc4 d5 16. Ba2 Nb8 17. b4 Ncd7 18. f5 gxf5 19. Qh5 Nf8 20. Nxd5 Bxd5 21. Bxd5 exd5 22. e6 Nc6 23. Bf4 Qb7 24. Qxf7+ Kd8 25. Nxc6+ Qxc6 26. Be5 Ng6 27. Bxh8 Nxh8 28. Qxh7 Qe8 29. Rxf5 Kc7 30. Rxd5 Rd8 31. Rd7+ Rxd7 32. exd7 Kxd7 33. Qd3+ Kc7 34. Qxa6 1-0

[Event "Oberliga Ost-B 1011"]
[Site "Germany"]
[Date "2010.11.14"]
[Round "3.1"]
[White "Wahedi, Ahmad Siar"]
[Black "Holzschuh, Stephan"]
[Result "1/2-1/2"]
[WhiteElo "2295"]
[BlackElo "2332"]
[PlyCount "53"]
[EventDate "2010.10.24"]
[EventType "team-tourn"]
[EventRounds "11"]
[EventCountry "GER"]
[SourceTitle "EXT 2012"]
[Source "ChessBase"]
[SourceDate "2011.11.24"]
[SourceVersion "1"]
[SourceVersionDate "2011.11.24"]
[SourceQuality "1"]
[WhiteTeam "Steinbach"]
[BlackTeam "Erfurt Medizin"]
[WhiteTeamCountry "GER"]
[BlackTeamCountry "GER"]

1. e4 c5 2. Nf3 g6 3. d4 Bg7 4. dxc5 Qa5+ 5. c3 Qxc5 6. Be3 Qc7 7. Bd4 Nf6 8. e5 Ng4 9. e6 f6 10. exd7+ Bxd7 11. h3 Nh6 12. Qb3 Nc6 13. Na3 Nf5 14. Bb5 a6 15. Bd3 Nfxd4 16. cxd4 Qa5+ 17. Qc3 Qxc3+ 18. bxc3 0-0-0 19. Nc4 Be6 20. Ke2 Bf7 21. Rhd1 Kc7 22. Ne3 Rhe8 23. Bc4 e6 24. Rab1 Na5 25. Bd3 Nc6 26. Bc4 Na5 27. Bd3 1/2-1/2

[Event "Oberliga Ost-B 0809"]
[Site "Germany"]
[Date "2009.03.28"]
[Round "10.1"]
[White "Holzschuh, Stephan"]
[Black "Gottschalk, Jens"]
[Result "1/2-1/2"]
[WhiteElo "2320"]
[BlackElo "2257"]
[PlyCount "28"]
[EventDate "2008.10.26"]
[EventType "team-tourn"]
[EventRounds "11"]
[EventCountry "GER"]
[SourceTitle "EXT 2010"]
[Source "ChessBase"]
[SourceDate "2010.11.25"]
[SourceVersion "1"]
[SourceVersionDate "2010.11.25"]
[SourceQuality "1"]
[WhiteTeam "Erfurt Medizin"]
[BlackTeam "Wiesbaden"]
[WhiteTeamCountry "GER"]
[BlackTeamCountry "GER"]

1. Nf3 Nf6 2. d4 d5 3. g3 c6 4. Bg2 Bg4 5. 0-0 Nbd7 6. c4 e6 7. cxd5 exd5 8. Nc3 Be7 9. Qc2 0-0 10. Bf4 Re8 11. Rfe1 Nh5 12. Bd2 Nhf6 13. Bf4 Nh5 14. Bd2 Nhf6 1/2-1/2

[Event "Oberliga Ost-B 0809"]
[Site "Germany"]
[Date "2009.02.01"]
[Round "7.1"]
[White "Kunin, Vitaly L"]
[Black "Holzschuh, Stephan"]
[Result "1-0"]
[WhiteElo "2548"]
[BlackElo "2320"]
[PlyCount "143"]
[EventDate "2008.10.26"]
[EventType "team-tourn"]
[EventRounds "11"]
[EventCountry "GER"]
[SourceTitle "EXT 2010"]
[Source "ChessBase"]
[SourceDate "2010.11.25"]
[SourceVersion "1"]
[SourceVersionDate "2010.11.25"]
[SourceQuality "1"]
[WhiteTeam "Moerlenbach"]
[BlackTeam "Erfurt Medizin"]
[WhiteTeamCountry "GER"]
[BlackTeamCountry "GER"]

1. d4 Nf6 2. Nf3 g6 3. c4 c5 4. d5 b5 5. cxb5 a6 6. b6 d6 7. Nc3 Bg7 8. e4 0-0 9. Be2 Nbd7 10. 0-0 Nxb6 11. h3 Nfd7 12. Re1 Qc7 13. Bf1 Bb7 14. Bf4 Ne5 15. Nxe5 Bxe5 16. Bxe5 dxe5 17. Rc1 Rfc8 18. Re3 Qd6 19. Na4 Rc7 20. Nxb6 Qxb6 21. Qb3 Qd6 22. Rec3 a5 23. Qa3 Rac8 24. Qxa5 Ra8 25. Qb5 Ba6 26. Qb3 Rb7 27. Qa3 Raa7 28. Rxc5 Bxf1 29. Rc8+ Kg7 30. Qxd6 exd6 31. Kxf1 Rxb2 32. R1c2 Raxa2 33. Rxb2 Rxb2 34. g4 Rb7 35. Rd8 Rb6 36. g5 h6 37. h4 hxg5 38. hxg5 Ra6 39. Kg2 Rb6 40. Kg3 Rb3+ 41. f3 Rb6 42. Kg4 Ra6 43. Rc8 Ra1 44. Rc6 Rg1+ 45. Kh4 Rh1+ 46. Kg4 Rg1+ 47. Kh4 Rh1+ 48. Kg3 Rg1+ 49. Kf2 Rxg5 50. Rxd6 Kf8 51. Rd8+ Ke7 52. Rh8 Kd7 53. Rh1 Ke7 54. Rh8 Kd7 55. Ra8 f5 56. Ra7+ Kd8 57. Ra6 Kd7 58. Re6 f4 59. Ke2 Rg2+ 60. Kd3 Rg3 61. Rxe5 Rxf3+ 62. Kd4 Rg3 63. Re6 g5 64. Rf6 f3 65. e5 Rg4+ 66. Ke3 Ra4 67. Rxf3 g4 68. Rf7+ Ke8 69. e6 Ra3+ 70. Ke4 Ra4+ 71. Ke5 Ra5 72. Rg7 1-0

[Event "Oberliga Ost-B 0809"]
[Site "Germany"]
[Date "2009.01.18"]
[Round "5.1"]
[White "Legde, Georg"]
[Black "Holzschuh, Stephan"]
[Result "1/2-1/2"]
[WhiteElo "2347"]
[BlackElo "2320"]
[PlyCount "95"]
[EventDate "2008.10.26"]
[EventType "team-tourn"]
[EventRounds "11"]
[EventCountry "GER"]
[SourceTitle "EXT 2010"]
[Source "ChessBase"]
[SourceDate "2010.11.25"]
[SourceVersion "1"]
[SourceVersionDate "2010.11.25"]
[SourceQuality "1"]
[WhiteTeam "Giessen"]
[BlackTeam "Erfurt Medizin"]
[WhiteTeamCountry "GER"]
[BlackTeamCountry "GER"]

1. Nf3 Nf6 2. g3 d5 3. c4 Nc6 4. cxd5 Nxd5 5. d4 Bg4 6. Bg2 e6 7. 0-0 Be7 8. h3 Bh5 9. Nc3 0-0 10. a3 Nb6 11. e3 a5 12. Na4 Nd7 13. Qb3 Rb8 14. Qb5 Bg6 15. Bd2 Nb6 16. Rac1 Nxa4 17. Qxa4 Be4 18. Qb5 Qd5 19. Qxd5 Bxd5 20. Ne5 Bxg2 21. Kxg2 Nxe5 22. dxe5 c5 23. Bxa5 b6 24. Bc3 Rfd8 25. Rfd1 Kf8 26. Kf3 Ke8 27. Ke2 g6 28. f4 Rxd1 29. Rxd1 Rd8 30. Rxd8+ Bxd8 31. a4 Kd7 32. Kd3 Kc6 33. Kc4 Bc7 34. e4 Bd8 35. b3 h5 36. Bd2 Bc7 37. b4 cxb4 38. Bxb4 Bd8 39. Bd6 g5 40. f5 g4 41. hxg4 hxg4 42. Bb4 Bg5 43. Kd3 Bc1 44. Be1 Bb2 45. Bc3 Bc1 46. Bd4 Ba3 47. Bc3 Bc1 48. Kc4 1/2-1/2

[Event "Oberliga Ost-B 0809"]
[Site "Germany"]
[Date "2008.11.30"]
[Round "3.1"]
[White "Holzschuh, Stephan"]
[Black "Repkova, Eva"]
[Result "1/2-1/2"]
[WhiteElo "2320"]
[BlackElo "2400"]
[PlyCount "68"]
[EventDate "2008.10.26"]
[EventType "team-tourn"]
[EventRounds "11"]
[EventCountry "GER"]
[SourceTitle "EXT 2010"]
[Source "ChessBase"]
[SourceDate "2010.11.25"]
[SourceVersion "1"]
[SourceVersionDate "2010.11.25"]
[SourceQuality "1"]
[WhiteTeam "Erfurt Medizin"]
[BlackTeam "Hungen Lich"]
[WhiteTeamCountry "GER"]
[BlackTeamCountry "GER"]

1. Nf3 d5 2. g3 Bf5 3. Bg2 Nd7 4. d4 e6 5. 0-0 Bd6 6. Nh4 Bg4 7. c4 c6 8. cxd5 exd5 9. h3 Be6 10. Nc3 Ndf6 11. Nf3 h6 12. Nd2 Qb6 13. Nb3 Bf5 14. Nc5 0-0-0 15. N3a4 Qc7 16. b4 h5 17. h4 b6 18. Nd3 Ng4 19. b5 N8f6 20. Bf4 Bxf4 21. Nxf4 Be4 22. Rc1 Rd6 23. Bxe4 dxe4 24. Rxc6 Rxc6 25. bxc6 e3 26. f3 Nf2 27. Qc2 Nh3+ 28. Kh1 Nxf4 29. Qf5+ Ne6 30. d5 Nxd5 31. Qxd5 Rd8 32. Qb5 Kb8 33. Rb1 Qxg3 34. Nxb6 Qh3+ 1/2-1/2

[Event "Oberliga Ost-B 0809"]
[Site "Germany"]
[Date "2008.10.26"]
[Round "1.1"]
[White "Langheinrich, Ferenc"]
[Black "Holzschuh, Stephan"]
[Result "1/2-1/2"]
[WhiteElo "2421"]
[BlackElo "2320"]
[PlyCount "54"]
[EventDate "2008.10.26"]
[EventType "team-tourn"]
[EventRounds "11"]
[EventCountry "GER"]
[SourceTitle "EXT 2010"]
[Source "ChessBase"]
[SourceDate "2010.11.25"]
[SourceVersion "1"]
[SourceVersionDate "2010.11.25"]
[SourceQuality "1"]
[WhiteTeam "Erfurt Empor"]
[BlackTeam "Erfurt Medizin"]
[WhiteTeamCountry "GER"]
[BlackTeamCountry "GER"]

1. Nf3 Nf6 2. c4 g6 3. Nc3 c5 4. g3 Bg7 5. Bg2 0-0 6. 0-0 d6 7. d4 Nc6 8. dxc5 dxc5 9. Be3 Qa5 10. Qb3 Ng4 11. Bd2 Nd4 12. Nxd4 cxd4 13. Qb5 Qd8 14. Nd5 Ne5 15. Ba5 Qd7 16. Qxd7 Bxd7 17. Nxe7+ Kh8 18. Rac1 Rfe8 19. Bb4 d3 20. exd3 Bg4 21. Rc3 Rad8 22. Re1 Be6 23. Re3 Ng4 24. Re4 Nf6 25. Re1 Bf8 26. d4 Rxd4 27. Rf3 Bxe7 1/2-1/2

[Event "Oberliga Ost-B 0708"]
[Site "Germany"]
[Date "2008.03.09"]
[Round "8.1"]
[White "Holzschuh, Stephan"]
[Black "Minor, Samuel"]
[Result "1/2-1/2"]
[WhiteElo "2297"]
[BlackElo "2168"]
[PlyCount "111"]
[EventDate "2007.10.07"]
[EventType "team-tourn"]
[EventRounds "11"]
[EventCountry "GER"]
[SourceTitle "EXT 2009"]
[Source "ChessBase"]
[SourceDate "2008.11.26"]
[SourceVersion "1"]
[SourceVersionDate "2008.11.26"]
[SourceQuality "1"]
[WhiteTeam "Erfurt Medizin"]
[BlackTeam "Dotzheim"]
[WhiteTeamCountry "GER"]
[BlackTeamCountry "GER"]

1. e4 e6 2. d3 d5 3. Nd2 c5 4. Ngf3 Nc6 5. Qe2 Nf6 6. g3 g6 7. Bg2 Bg7 8. exd5 Nxd5 9. 0-0 0-0 10. Nb3 b6 11. c3 Bb7 12. Rd1 e5 13. d4 exd4 14. cxd4 cxd4 15. Nfxd4 Nxd4 16. Nxd4 Re8 17. Qf1 Re7 18. Bg5 f6 19. Bd2 Qd7 20. Rac1 a6 21. Qc4 b5 22. Qb3 Kh8 23. Ba5 Bf8 24. Nc2 Bh6 25. Rb1 Re2 26. Qd3 Rae8 27. Bc3 Qf7 28. Bxd5 Bxd5 29. Qxd5 Qxd5 30. Rxd5 Rxc2 31. Rd6 Bg7 32. Rxa6 f5 33. Rc6 Kg8 34. Rc7 Bf6 35. Rd7 Bh8 36. a3 h5 37. h4 f4 38. gxf4 Bxc3 39. bxc3 Rxc3 40. Rxb5 Rxa3 41. Rg5 Ra6 42. f5 Re4 43. Kg2 Rxh4 44. Kg3 Rg4+ 45. Rxg4 hxg4 46. Kxg4 gxf5+ 47. Kxf5 Kf8 48. f4 Ra5+ 49. Ke6 Ra6+ 50. Kf5 Ra5+ 51. Kg6 Ra6+ 52. Kg5 Ra5+ 53. f5 Ra6 54. Rh7 Rb6 55. Rh8+ Kg7 56. Re8 1/2-1/2

[Event "Oberliga Ost-B 0708"]
[Site "Germany"]
[Date "2008.01.20"]
[Round "7.1"]
[White "Kunin, Vitaly L"]
[Black "Holzschuh, Stephan"]
[Result "1-0"]
[WhiteElo "2507"]
[BlackElo "2297"]
[PlyCount "73"]
[EventDate "2007.10.07"]
[EventType "team-tourn"]
[EventRounds "11"]
[EventCountry "GER"]
[SourceTitle "EXT 2009"]
[Source "ChessBase"]
[SourceDate "2008.11.26"]
[SourceVersion "1"]
[SourceVersionDate "2008.11.26"]
[SourceQuality "1"]
[WhiteTeam "Moerlenbach"]
[BlackTeam "Erfurt Medizin"]
[WhiteTeamCountry "GER"]
[BlackTeamCountry "GER"]

1. d4 Nf6 2. Nf3 g6 3. Bg5 Bg7 4. Nbd2 d5 5. e3 0-0 6. c4 c5 7. dxc5 Na6 8. cxd5 Nxc5 9. Qc2 Qxd5 10. Bxf6 Bxf6 11. Rc1 Ne6 12. Bc4 Qa5 13. 0-0 Bd7 14. Ne4 Qf5 15. Bd3 Bg7 16. Qb3 Bc6 17. Ned2 Qh5 18. Qb4 a5 19. Qa3 Rfd8 20. Be4 Bxe4 21. Nxe4 Qb5 22. Qxe7 Rd7 23. Nf6+ Bxf6 24. Qxf6 Rd5 25. e4 Rc5 26. Rxc5 Nxc5 27. Ne5 Qe8 28. Ng4 Nxe4 29. Nh6+ Kf8 30. Qh8+ Ke7 31. Qd4 f5 32. f3 Ng5 33. Re1+ Ne6 34. Qg7+ Kd6 35. Nf7+ Kc6 36. Qf6 Kd7 37. Rd1+ 1-0

[Event "Oberliga Ost-B 0708"]
[Site "Germany"]
[Date "2008.01.19"]
[Round "6.1"]
[White "Holzschuh, Stephan"]
[Black "Reschke, Stefan"]
[Result "1/2-1/2"]
[WhiteElo "2297"]
[BlackElo "2357"]
[PlyCount "83"]
[EventDate "2007.10.07"]
[EventType "team-tourn"]
[EventRounds "11"]
[EventCountry "GER"]
[SourceTitle "EXT 2009"]
[Source "ChessBase"]
[SourceDate "2008.11.26"]
[SourceVersion "1"]
[SourceVersionDate "2008.11.26"]
[SourceQuality "1"]
[WhiteTeam "Erfurt Medizin"]
[BlackTeam "Offenbach"]
[WhiteTeamCountry "GER"]
[BlackTeamCountry "GER"]

1. e4 c5 2. Nf3 d6 3. d4 cxd4 4. Nxd4 Nf6 5. Nc3 g6 6. Be2 Bg7 7. 0-0 Nc6 8. Nb3 a5 9. a4 Be6 10. Bg5 0-0 11. Kh1 Rc8 12. f4 Nb4 13. Nd4 Bc4 14. Ndb5 h6 15. Bh4 Nh7 16. Bxc4 Rxc4 17. Qe2 Rc8 18. Rad1 g5 19. Bg3 gxf4 20. Bxf4 Qd7 21. e5 d5 22. Qd2 Qf5 23. Nd4 Qh5 24. Rf3 Ng5 25. Bxg5 Qxg5 26. Nf5 Qxd2 27. Rxd2 Kh7 28. Nxe7 Rce8 29. Ncxd5 Nxd5 30. Nxd5 Rxe5 31. g3 Re1+ 32. Kg2 Bxb2 33. Rb3 Bg7 34. Rxb7 Re4 35. Nb6 Bd4 36. Nd7 Rc8 37. Rb5 Bc3 38. Rf2 Rxa4 39. Rxf7+ Kg6 40. Rf2 Bg7 41. Rb6+ Kh7 42. Ra6 1/2-1/2

[Event "Oberliga Ost-B 0708"]
[Site "Germany"]
[Date "2007.11.25"]
[Round "4.1"]
[White "Holzschuh, Stephan"]
[Black "Lutz, Klaus Juergen"]
[Result "1-0"]
[WhiteElo "2297"]
[BlackElo "2345"]
[PlyCount "69"]
[EventDate "2007.10.07"]
[EventType "team-tourn"]
[EventRounds "11"]
[EventCountry "GER"]
[SourceTitle "EXT 2009"]
[Source "ChessBase"]
[SourceDate "2008.11.26"]
[SourceVersion "1"]
[SourceVersionDate "2008.11.26"]
[SourceQuality "1"]
[WhiteTeam "Erfurt Medizin"]
[BlackTeam "Steinbach"]
[WhiteTeamCountry "GER"]
[BlackTeamCountry "GER"]

1. e4 c5 2. Nc3 Nc6 3. Bb5 g6 4. Nf3 Bg7 5. Bxc6 bxc6 6. d3 Rb8 7. 0-0 d6 8. h3 Qc7 9. e5 dxe5 10. Qe2 Nh6 11. Ne4 c4 12. dxc4 f5 13. Nc5 Nf7 14. c3 0-0 15. Rd1 Rd8 16. Be3 Rd6 17. Nb3 Ba6 18. Bc5 Rxd1+ 19. Rxd1 e4 20. Nfd4 Bc8 21. Bb4 e5 22. Ba5 Qb7 23. Nc2 Qe7 24. Nb4 Bd7 25. Na6 Rc8 26. Bb4 Qe8 27. Qe3 c5 28. Naxc5 Bc6 29. Qe2 Ng5 30. Na5 Bf8 31. Ncb7 f4 32. Bxf8 Bxb7 33. Bh6 Nf3+ 34. gxf3 exf3 35. Qd3 1-0

[Event "Oberliga Ost-B 0708"]
[Site "Germany"]
[Date "2007.11.03"]
[Round "2.1"]
[White "Holzschuh, Stephan"]
[Black "Grafl, Florian"]
[Result "1-0"]
[WhiteElo "2297"]
[BlackElo "2433"]
[PlyCount "69"]
[EventDate "2007.10.07"]
[EventType "team-tourn"]
[EventRounds "11"]
[EventCountry "GER"]
[SourceTitle "EXT 2009"]
[Source "ChessBase"]
[SourceDate "2008.11.26"]
[SourceVersion "1"]
[SourceVersionDate "2008.11.26"]
[SourceQuality "1"]
[WhiteTeam "Erfurt Medizin"]
[BlackTeam "Hungen Lich"]
[WhiteTeamCountry "GER"]
[BlackTeamCountry "GER"]

1. e4 d5 2. exd5 Qxd5 3. Nc3 Qd6 4. d4 g6 5. Bd3 Bg7 6. Nge2 Nf6 7. Bf4 Qd8 8. Qd2 0-0 9. 0-0-0 Nc6 10. Bb5 Nb4 11. a3 a6 12. Bc4 Nbd5 13. Nxd5 Nxd5 14. Bh6 b5 15. Bxg7 Kxg7 16. Bb3 Bb7 17. h4 h5 18. Bxd5 Qxd5 19. Nf4 Qf5 20. Rhe1 Qf6 21. Re5 Rfd8 22. Qe3 Kf8 23. Re1 Re8 24. Ne6+ fxe6 25. Rxe6 Qg7 26. Qf4+ Qf7 27. Qg5 Qxf2 28. Qh6+ Kf7 29. Qxg6+ Kf8 30. Qh6+ Kf7 31. Qxh5+ Kf8 32. Qe5 Kf7 33. Rh6 Qxg2 34. Rh7+ Kg8 35. Qh8# 1-0

[Event "Oberliga Ost-B 0607"]
[Site "Germany"]
[Date "2007.04.22"]
[Round "11.3"]
[White "Grabarczyk, Bogdan"]
[Black "Holzschuh, Stephan"]
[Result "1/2-1/2"]
[WhiteElo "2462"]
[BlackElo "2217"]
[PlyCount "41"]
[EventDate "2006.10.15"]
[EventType "team-tourn"]
[EventRounds "11"]
[EventCountry "GER"]
[SourceTitle "EXT 2008"]
[Source "ChessBase"]
[SourceDate "2007.11.25"]
[SourceVersion "1"]
[SourceVersionDate "2007.11.25"]
[SourceQuality "1"]
[WhiteTeam "Griesheim"]
[BlackTeam "Erfurt Medizin"]
[WhiteTeamCountry "GER"]
[BlackTeamCountry "GER"]

1. e4 c5 2. Nf3 e6 3. d4 cxd4 4. Nxd4 Nc6 5. Nc3 Qc7 6. g3 a6 7. Bg2 Nf6 8. 0-0 Bc5 9. Nb3 Be7 10. a4 0-0 11. a5 d6 12. Be3 Nd7 13. Na4 Nce5 14. Nd2 Bd8 15. b3 Qb8 16. b4 b5 17. axb6 Nxb6 18. c3 Nxa4 19. Qxa4 Bd7 20. Qb3 Bb6 21. Rfe1 1/2-1/2

[Event "Oberliga Ost-B 0607"]
[Site "Germany"]
[Date "2007.04.21"]
[Round "10.3"]
[White "Holzschuh, Stephan"]
[Black "Enneper, Eckhard"]
[Result "1/2-1/2"]
[WhiteElo "2217"]
[BlackElo "2198"]
[PlyCount "37"]
[EventDate "2006.10.15"]
[EventType "team-tourn"]
[EventRounds "11"]
[EventCountry "GER"]
[SourceTitle "EXT 2008"]
[Source "ChessBase"]
[SourceDate "2007.11.25"]
[SourceVersion "1"]
[SourceVersionDate "2007.11.25"]
[SourceQuality "1"]
[WhiteTeam "Erfurt Medizin"]
[BlackTeam "Offenbach"]
[WhiteTeamCountry "GER"]
[BlackTeamCountry "GER"]

1. Nf3 Nf6 2. g3 c5 3. Bg2 Nc6 4. 0-0 e5 5. c4 d5 6. cxd5 Nxd5 7. Nc3 Nc7 8. d3 Be7 9. Be3 0-0 10. Qa4 Bd7 11. Rfc1 Rc8 12. Nd2 Ne6 13. Qd1 Kh8 14. Nd5 b6 15. Nc4 Ned4 16. Bd2 Bg4 17. Nxe7 Qxe7 18. f3 Be6 19. e3 1/2-1/2

[Event "Oberliga Ost-B 0607"]
[Site "Germany"]
[Date "2007.02.24"]
[Round "6.3"]
[White "Holzschuh, Stephan"]
[Black "Koller, Jens"]
[Result "1-0"]
[WhiteElo "2217"]
[BlackElo "2264"]
[PlyCount "29"]
[EventDate "2006.10.15"]
[EventType "team-tourn"]
[EventRounds "11"]
[EventCountry "GER"]
[SourceTitle "EXT 2008"]
[Source "ChessBase"]
[SourceDate "2007.11.25"]
[SourceVersion "1"]
[SourceVersionDate "2007.11.25"]
[SourceQuality "1"]
[WhiteTeam "Erfurt Medizin"]
[BlackTeam "Oberursel"]
[WhiteTeamCountry "GER"]
[BlackTeamCountry "GER"]

1. e4 c5 2. Nc3 Nc6 3. Bb5 Na5 4. d4 a6 5. Be2 cxd4 6. Qxd4 Nc6 7. Qd3 e6 8. Bf4 Qa5 9. Nf3 Bb4 10. Nd2 b5 11. Qg3 Bxc3 12. bxc3 g6 13. 0-0 f6 14. e5 f5 15. a4 1-0

[Event "Oberliga Ost-B 0506"]
[Site "Germany"]
[Date "2006.04.02"]
[Round "11.2"]
[White "Holzschuh, Stephan"]
[Black "Lutz, Klaus Juergen"]
[Result "1/2-1/2"]
[WhiteElo "2252"]
[BlackElo "2316"]
[PlyCount "64"]
[EventDate "2005.11.13"]
[EventType "team-tourn"]
[EventRounds "11"]
[EventCountry "GER"]
[SourceTitle "EXT 2007"]
[Source "ChessBase"]
[SourceDate "2006.11.23"]
[SourceVersion "1"]
[SourceVersionDate "2006.11.23"]
[SourceQuality "1"]
[WhiteTeam "Erfurt Medizin"]
[BlackTeam "Steinbach"]
[WhiteTeamCountry "GER"]
[BlackTeamCountry "GER"]

1. e4 c5 2. Nf3 d6 3. d4 cxd4 4. Nxd4 Nf6 5. Nc3 g6 6. Be3 Bg7 7. f3 Nc6 8. Qd2 0-0 9. 0-0-0 d5 10. exd5 Nxd5 11. Nxc6 bxc6 12. Bd4 Nxc3 13. Qxc3 Bh6+ 14. Be3 Bxe3+ 15. Qxe3 Qb6 16. Qc3 Be6 17. h4 Rfd8 18. Bd3 Rab8 19. h5 Qd4 20. Qxd4 Rxd4 21. hxg6 hxg6 22. b3 c5 23. c3 Rd6 24. Be4 Rbd8 25. Rxd6 Rxd6 26. Rd1 Rxd1+ 27. Kxd1 Kg7 28. Kd2 Kf6 29. Ke3 g5 30. g3 Ke5 31. Bc2 Bd5 32. a3 f5 1/2-1/2